Ni nanna mutta beda. (Record no. 80058)

MARC details
000 -LEADER
fixed length control field 00565nam a2200193Ia 4500
003 - CONTROL NUMBER IDENTIFIER
control field OSt
005 - DATE AND TIME OF LATEST TRANSACTION
control field 20250204122049.0
008 - FIXED-LENGTH DATA ELEMENTS--GENERAL INFORMATION
fixed length control field 210210b1957 xxu||||| |||| 00| 0 eng d
040 ## - CATALOGING SOURCE
Transcribing agency AL
041 ## - LANGUAGE CODE
Language code of text/sound track or separate title Kannada
082 ## - DEWEY DECIMAL CLASSIFICATION NUMBER
Classification number K894.3 BASN
100 ## - MAIN ENTRY--PERSONAL NAME
Personal name BASAVARAJA KATTIMANI.
Dates associated with a name ಬಸವರಾಜ ಕಟ್ಟೀಮನಿ.
9 (RLIN) 197474
245 ## - TITLE STATEMENT
Title Ni nanna mutta beda.
Remainder of title ನೀ ನನ್ನ ಮುಟ್ಟಬೇಡ
260 ## - PUBLICATION, DISTRIBUTION, ETC.
Place of publication, distribution, etc. Bengaluru
Name of publisher, distributor, etc. Sharada Prakatanalaya
Date of publication, distribution, etc. 1957
300 ## - PHYSICAL DESCRIPTION
Extent viii,192
690 ## - LOCAL SUBJECT ADDED ENTRY--TOPICAL TERM (OCLC, RLIN)
Topical term or geographic name as entry element Kannada Fiction
9 (RLIN) 197475
906 ## - LOCAL DATA ELEMENT F, LDF (RLIN)
a 028822
942 ## - ADDED ENTRY ELEMENTS (KOHA)
Source of classification or shelving scheme Dewey Decimal Classification
Koha item type Book
Holdings
Withdrawn status Lost status Source of classification or shelving scheme Damaged status Not for loan Collection code Home library Current library Date acquired Cost, normal purchase price Total Checkouts Full call number Barcode Date last seen Price effective from Koha item type
    Dewey Decimal Classification     Kannada St Aloysius Library St Aloysius Library 02/17/2021 1.50   K894.3 BASN 028822 02/17/2021 02/17/2021 Book